ბათუმის შოთა რუსთაველის სახელმწიფო უნივერსიტეტის ბიბლიოთეკა

ნარკვევები გერმანული ლიტერატურის ისტორიიდან. ნაწ. 2 / (ბიბ.ჩანაწერი № 56030)

000 -ლიდერი
ფიქსირებული სიგრძის საკონტროლო ველი 01298nam a2200253Ia 4500
001 - საკონტროლო ნომერი
საკონტროლო ველი 23130
003 - საკონტროლო ნომრის იდენტიფიკატორი
საკონტროლო ველი GE_BSU
005 - ბოლო ოპერაციის თარიღი და დრო
საკონტროლო ველი 20230713163016.0
008 - ფიქსირებული სიგრძის მონაცემთა ელემენტები - ზოგადი ინფორმაცია
ფიქსირებული სიგრძის საკონტროლო ველი 181216s1965||||ge |||||||||||||| ||geo||
040 ## - კატალოგიზაციის წყარო
Transcribing agency GE_BSU
041 ## - ენის კოდი
Language code of text/sound track or separate title geo
080 ## - უნივერსალური ათობითი კლასიფიკაციის ინდექსი
Universal Decimal Classification number 821.112.2.09 ხ-15
100 ## - მთავარი ჩანაწერი - პიროვნების სახელი
Personal name ხავთასი, გრიგოლ
9 (RLIN) 1245
245 ## - ცნობა სათაურის შესახებ
Title ნარკვევები გერმანული ლიტერატურის ისტორიიდან. ნაწ. 2 /
Remainder of title გრიგოლ ხავთასი ; რედ. ვ. პაიკიძე.
264 ## - წარმოების, გამოცემის, დისტრიბუციის და სხვა ცნობები
გამოცემის, წარმოების, დისტრიბუციის... ადგილი თბილისი :
გამოცემის, წარმოების, დისტრიბუციის... სახელწოდება განათლება,
გამოცემის, წარმოების, დისტრიბუციის... თარიღი 1965.
300 ## - ფიზიკური აღწერა
Extent 461 გვ. :
Other physical details პორტრ.
Dimensions 23 სმ.
653 ## - INDEX TERM--UNCONTROLLED
Uncontrolled term გოეთეს შემოქმედება XIX საუკუნეში
653 ## - INDEX TERM--UNCONTROLLED
Uncontrolled term იენის რომანტიზმი
653 ## - INDEX TERM--UNCONTROLLED
Uncontrolled term ახალი ეტაპი გერმანული რომანტიზმის განვითარებაში
653 ## - INDEX TERM--UNCONTROLLED
Uncontrolled term ნარკვევები გერმანული ლიტერატურის ისტორიიდან. ნაწ. 2
700 ## - ADDED ENTRY--PERSONAL NAME
Personal name პაიკიძე, ვ.
Relator term რედაქტორი
9 (RLIN) 7826
942 ## - ADDED ENTRY ELEMENTS (KOHA)
Koha item type წიგნი
Source of classification or shelving scheme
ეგზემპლარები
ჩამოწერის სტატუსი დაკარგული ეგზემპლარის სტატუსი კლასიფიკაციის წყარო ან თაროზე გაწყობის სქემა დაზიანების სტატუსი არ გაიცემა მუდმივი მდებარეობა (დაცვის ადგილი) ამჟამინდელი ადგილსამყოფელი თაროზე განთავსების ადგილი შეძენის თარიღი ღირებულება, შესყიდვის ნორმალური ფასი სრული შენახვის შიფრი შტრიხკოდი ბოლო ოპერაციის თარიღი ეგზემპლარის მიმდევრობითი ნომერი (კეტერი?) ფასის ძალაში შესვლის თარიღი ეგზემპლარის სახეობა საჯარო შენიშვნა
          ბათუმის შოთა რუსთაველის სახელმწიფო უნივერსიტეტის მთავარი ბიბლიოთეკა ბათუმის შოთა რუსთაველის სახელმწიფო უნივერსიტეტის მთავარი ბიბლიოთეკა წიგნსაცავი 2018-12-17 1.72 821.112.2.09 ხ-15 58561 2018-12-17 58561 2018-12-17 წიგნი 1.72 ₾.
          ბათუმის შოთა რუსთაველის სახელმწიფო უნივერსიტეტის მთავარი ბიბლიოთეკა ბათუმის შოთა რუსთაველის სახელმწიფო უნივერსიტეტის მთავარი ბიბლიოთეკა წიგნსაცავი 2024-02-22 5.00 821.112.2.09 ხ-15 67583 2024-02-22 67583 2024-02-22 წიგნი 5.00